Využitie CFD nástrojov pre analýzu objektov ČOV

Guardado en:
Detalles Bibliográficos
Autor principal: Holubec, Michal, 1984- (Autor)
Otros Autores: Stanko, Štefan, 1964- (Orientador)
Formato: Manuscrito Libro
Lenguaje:eslovaco
Publicado: Bratislava : STU v Bratislave SvF, 2013
Materias:
Acceso en línea:VAIS
Etiquetas: Agregar Etiqueta
Sin Etiquetas, Sea el primero en etiquetar este registro!

MARC

LEADER 00000ntm a22000003a 4500
001 stu297105
005 20160607093308.9
008 140919s2013----xo------------------slo-d
040 |a STU  |b slo 
041 0 |a slo 
044 |a xo 
100 1 |a Holubec, Michal,  |d 1984-  |4 aut  |u V280  |U SvF Stavebná fakulta  |T SvF Katedra zdravotného inžinierstva  |X 23153  |U V280  |Y 29  |7 A000023153 
242 0 0 |a Use of CFD tools for analyzing objects of WWTP.  |y eng 
245 1 |a Využitie CFD nástrojov pre analýzu objektov ČOV 
260 |a Bratislava :  |b STU v Bratislave SvF,  |c 2013 
650 7 |a vodohospodárske inžinierstvo  |2 stusub 
650 7 |a Water Resources Engineering  |2 estusub 
650 7 |a WWTP  |2 estusub 
650 7 |a CFD  |2 stusub 
650 7 |a CFD  |2 estusub 
650 7 |a ČOV  |2 stusub 
650 7 |a usadzovacia nádrž  |2 stusub 
650 7 |a CFD  |2 stusub 
650 7 |a CFD  |2 estusub 
700 1 |a Stanko, Štefan,  |d 1964-  |4 ths  |u V280  |U SvF Stavebná fakulta  |T SvF Katedra zdravotného inžinierstva  |X 2740  |U V280  |Y 29  |7 A000002740 
856 4 |a info a plný text  |u http://is.stuba.sk/zp/portal_zp.pl?podrobnosti=76197  |3 VAIS